10 biggest US-Airlines - Statistics

General Stats
  • This quiz has been taken 36 times
  • The average score is 8 of 10
Answer Stats
Passengers Airline % Correct
190,000,000 Delta Air Lines
100%
210,692,000 American Airlines
97%
171,817,000 Southwest Airlines
88%
164,927,000 United Airlines
85%
42,534,000 JetBlue Airways
74%
44,105,000 Spirit Airlines
74%
44,557,000 Alaska Airlines
71%
10,879,000 Hawaiian Airlines
71%
30,218,000 Frontier Airlines
68%
17,143,870 Allegiant Air
50%
No matching quizzes found
Score Distribution
Percent of People with Each Score
Percentile by Number Answered
Your Score History
You have not taken this quiz